1747 1976 1534 1816 1434 1170 1125 1871 1737 1652 1138 1164 1408 1590 1170 1185 1214 1432 1755 1230 1931 1752 1750 1434 1507 1271 1502 1970 1529 1665 1605 1617 1011 1568 1296 1955 1198 1282 1328 1434 1804 1479 1140 1215 1006 1368 1731 1431 1033 1509 1797 1556 1170 1943 1556 1332 1082 1665 1259 1892 1761 1878 1244 1234 1308 1608 1206 1099 1003 1875 1419 1918 1017 1725 1463 1544 1876 1716 1731 1399 1693 1143 1171 1275 1285 1734 1356 1207 1233 1652 1548 1920 1617 1544 1585 1387 1951 1176 1774 BCNSPRNW ULIB Ver.6.0+V

เปลี่ยนเป็นภาษาไทย

Change to English
 แสดงรายละเอียดบรรณานุกรม
  กลับหน้าหลัก

Brief Record : Get Marc (ISO 2709) : E-mail record : QR code < ปิดหน้าต่าง
LEADER : 00000nam 2200000uu 4500
001    13399123385
003     ULIB
008    140903s2523||||th 000 0 tha d
099    วจ.WY87^bก429ท
100 0  กาญจนี สิทธิวงศ์
245 00 ทัศนคติของพยาบาลที่มีต่อสมาคมพยาบาลแห่งประเทศไทย /^cกาญจนี สิทธิวงศ์
260    นครปฐม:^bคณะพยาบาลศาสตร์ มหาวิทยาลัยมหิดล,^c2523
300    104 หน้า
650  0 ทัศนคติ
945    ^p0^l0^i009559
999    ^aเกษร โพธิ์สุวรรณ
รายการนี้ยังไม่มีแท็ก
คุณยังไม่ได้ล็อกอิน คุณสามารถมีกิจกรรมร่วมกับเว็บไซต์ได้ แต่ต้องล็อกอินก่อน ::
  ล็อกอิน

รายการสื่อสารสนเทศ

ลำดับที่ ประเภท เลขเรียก/บาร์โค้ด สถานที่ สถานะ
1. งานวิจัย
งานวิจัย
วจ.WY87 ก429ท ฉ.1 
  Barcode: 009559
ห้องสมุดวิทยาเขตสวรรค์ประชารักษ์
►วิจัย
บนชั้น

รายการใกล้เคียง
    หัวเรื่อง [ทัศนคติ]

BibComment


ยังไม่เคยถูกคอมเมนท์

คอมเมนท์ทรัพยากรรายการนี้
  คอมเมนท์: ทัศนคติของพยาบาลท..


 Copyright 2026. Bcnsprnw @Library